000 00520nam a2200181Ia 4500
001 2521
005 20260306144813.0
008 260306t2021||||xx |||||||||||||| ||spa||
041 _aESP
082 _a616.8914
_bH76
100 _aHorno Goicoechea, Pepa
_eAUT
245 0 _aPoniendo alma al dolor:
_bintervención terapéutica con niños, niñas y adolescentes víctimas de abuso sexual infantil
260 _c2021
300 _a234 páginas :
_c21 cm.
650 _aGEN
654 _aCPS
942 _cLIB
_dJUS
_fJUS
_2ddc
_n
999 _c2521
_d2521